Obálka Náhled e-knihy:
PDF Epub
Pro půjčování e-knih musíte být přihlášeni.
Jak si půjčit online?

Židovské anekdoty /

Nové vydání Židovských anekdot v grafickém zpracování Lukáše Urbánka a Jakuba Kašeho vychází z publikace Nakladatelství Kruh z roku 1967. Poláček ve své tvorbě vždy vycházel z dokonalé znalosti prostředí, o kterém psal, a dokázal věrně zachytit postavy i situace. Židovské anekdoty čerpají z jeho čas...

Celý popis

Uloženo v:
Hlavní autor: Poláček, Karel, 1892-1945 (Autor)
Médium: E-kniha
Jazyk:Czech
Vydáno: Praha : XYZ, 2018
Témata:
Tagy:
Žádné tagy
LEADER 02444nam a2200421 i 4500
001 310875
003 CZ PrSKC
005 20260601215656.0
007 ta
008 180220s2018 xr a g 000 h cze
015 |a cnb002981104 
020 |a 9788075059673  |q (vázáno) :  |c Kč 199,00 
035 |a (OCoLC)1031044802 
040 |a OLA001  |b cze  |e rda 
072 7 |a 821-1/-8  |x Literatura různých forem a žánrů  |2 Konspekt 
080 |a 821-36  |2 MRF 
080 |a 82-7  |2 MRF 
080 |a (=411.16)  |2 MRF 
080 |a (0:82-36)  |2 MRF 
100 1 |a Poláček, Karel,  |d 1892-1945  |7 jk01100136  |4 aut 
245 1 0 |a Židovské anekdoty /  |c Karel Poláček 
264 1 |a Praha :  |b XYZ,  |c 2018 
300 |a 138 stran :  |b barevné ilustrace ;  |c 20 cm 
336 |a text  |b txt  |2 rdacontent 
337 |a bez média  |b n  |2 rdamedia 
338 |a svazek  |b nc  |2 rdacarrier 
520 2 |a Nové vydání Židovských anekdot v grafickém zpracování Lukáše Urbánka a Jakuba Kašeho vychází z publikace Nakladatelství Kruh z roku 1967. Poláček ve své tvorbě vždy vycházel z dokonalé znalosti prostředí, o kterém psal, a dokázal věrně zachytit postavy i situace. Židovské anekdoty čerpají z jeho častých návštěv pražské židovské společnosti. Nejvíce anekdot je věnováno šnorerům, finančním otázkám, na druhém místě jsou námluvy a rodinný život a na třetím historky kolem rabínů a víry. Další anekdoty se týkají obchodu nebo otázek týkajících se smrti. Nakladatelská anotace. Kráceno. 
520 2 |a Židovské anekdoty vydal Poláček v lednu 1933 v orbisovské edici Veselá mysl. Otiskoval je však už dříve v humoristickém časopise Dobrý den, jehož byl vedoucím a odpovědným redaktorem v letech 1927-1930. 
650 0 7 |a Židé  |7 ph127782  |x humor  |2 czenas 
650 0 9 |a Jews  |x humor  |2 eczenas 
655 7 |a anekdoty  |7 fd131798  |2 czenas 
655 9 |a anecdotes  |2 eczenas 
900 |a ABA001  |b 19 
928 9 |a Albatros Media - XYZ 
044 |a xr 
910 |a RBIT002 
998 |d 177757  |a https://core.palmknihy.cz/api/books/177757/cover?p5mw9m  |b https://core.palmknihy.cz/api/books/177757/cover/400?p5mw9m  |c https://core.palmknihy.cz/api/books/177757/cover/50?p5mw9m  |e 2050-12-31  |g 144  |i 9788075059673  |j https://core.palmknihy.cz/api/books/177757/preview.epub  |k https://core.palmknihy.cz/api/books/177757/preview.pdf  |l   |q 49  |r 1  |s https://www.palmknihy.cz/kniha/177757  |t ebook  |y 2018  |z 0 
999 |d 310873